La sombra del cazador de fantasmas / (Registro nro. 37403)
[ vista simple ]
| 000 -CABECERA | |
|---|---|
| Longitud fija campo de control | 01315nam a2200361 a 4500 |
| 003 - • IDENTIFICADOR DELl NÚMERO DE CONTROL | |
| Identificador del número de control | CO-ViMGA |
| 005 - • FECHA Y HORA DE LA ÚLTIMA TRANSACCIÓN | |
| Fecha y hora de la última transacción | 20230915233615.0 |
| 008 - • CÓDIGOS DE INFORMACIÓN DE LONGITUD FIJA | |
| Códigos de información de longitud fija | 140905s2014 ck a jr 00010 spa d |
| 020 ## - • NÚMERO INTERNACIONAL NORMALIZADO PARA LIBROS | |
| Número Internacional Normalizado para Libros (ISBN) | 9789583041662 |
| 040 ## - FUENTE DE LA CATALOGACIÓN | |
| Centro catalogador de origen | CO-ViMGA |
| Lengua de catalogación | spa |
| Centro transcriptor | CO-ViMGA |
| 041 1# - • CÓDIGO DE LENGUA | |
| Código de lengua original | ger |
| 043 ## - CÓDIGO DE ÁREA GEOGRÁFICA | |
| Código de área geográfica | e-gx--- |
| 082 04 - • NÚMERO DE LA CLASIFICACIÓN DECIMAL DEWEY | |
| Número de clasificación (R) | 833.91 |
| Número del ítem | R64s |
| Número de edición | 22 |
| 100 1# - • PUNTO DE ACCESO PRINCIPAL-NOMBRE DE PERSONA | |
| Nombre de persona | Rogler, Ulrike. |
| 245 13 - • TITULO PROPIAMENTE DICHO | |
| Título | La sombra del cazador de fantasmas / |
| Mención de responsabilidad, etc. | Ulrike Rogler y Simone Veenstra ; ilustrador Sebastian Meyer ; traductor Karin Odermatt. |
| 250 ## - • MENCIÓN DE EDICIÓN | |
| Mención de edición | Editora Mn̤ica Laverde Henao. |
| 300 ## - • DESCRIPCIÓN FÍSICA | |
| Extensión | 137 páginas : |
| Otras características físicas | ilustraciones ; |
| Dimensiones | 21 cm. |
| 490 1# - • MENCIÓN DE SERIE | |
| Mención de serie | Colección juvenil |
| 490 1# - • MENCIÓN DE SERIE | |
| Mención de serie | Hiu Buh. El fantasma del castillo ; |
| Designación de volumen o secuencia | 4 |
| 500 ## - • NOTA GENERAL | |
| Nota general | Esta obra esta b̀asada en el audiolibro de Dirk Ahner. |
| 534 ## - • Nota De Versión Original | |
| -- | Título original : |
| Título | Der schatten des gespensterjg̃ers. |
| 650 14 - • PUNTO DE ACCESO ADICIONAL DE MATERIA - TÉRMINO DE MATERIA | |
| Término de materia o nombre geográfico como elemento inicial | Fantasmas |
| Subdivisión de forma | Novela juvenil. |
| 650 14 - • PUNTO DE ACCESO ADICIONAL DE MATERIA - TÉRMINO DE MATERIA | |
| Término de materia o nombre geográfico como elemento inicial | Miedo |
| Subdivisión de forma | Novela juvenil. |
| 650 14 - • PUNTO DE ACCESO ADICIONAL DE MATERIA - TÉRMINO DE MATERIA | |
| Término de materia o nombre geográfico como elemento inicial | Novela de terror. |
| 650 14 - • PUNTO DE ACCESO ADICIONAL DE MATERIA - TÉRMINO DE MATERIA | |
| Término de materia o nombre geográfico como elemento inicial | Novela juvenil alemana. |
| 700 1# - • PUNTO DE ACCESO ADICIONAL - NOMBRE DE PERSONA | |
| Nombre de persona | Laverde, Mon̤ica, |
| Término indicativo de función | editora. |
| 700 1# - • PUNTO DE ACCESO ADICIONAL - NOMBRE DE PERSONA | |
| Nombre de persona | Meyer, Sebastiǹ, |
| Término indicativo de función | ilustrador. |
| 700 1# - • PUNTO DE ACCESO ADICIONAL - NOMBRE DE PERSONA | |
| Nombre de persona | Odermatt, Karin, |
| Término indicativo de función | traductor. |
| 700 1# - • PUNTO DE ACCESO ADICIONAL - NOMBRE DE PERSONA | |
| Nombre de persona | Veenstra, Simone. |
| 942 ## - ENTRADA DE ELEMENTOS AGREGADOS (KOHA) | |
| Fuente de clasificaión o esquema | Dewey Decimal Classification |
| Koha [por defecto] tipo de item | LIbro |
| Perdido | Fuente de clasificación o esquema | Estado Físico | No para préstamo | Forma de adquisición | Localización permanente | Localización actual | Fecha adquisición | Préstamos totales | Signatura completa | Código de barras | Fecha última consulta | Fecha último préstamo | Fecha del precio de reemplazo | Tipo de item de Koha |
|---|---|---|---|---|---|---|---|---|---|---|---|---|---|---|
| Dewey Decimal Classification | Sala General Segundo Piso | Biblioteca Pública Germán Arciniegas - Villavicencio | Biblioteca Pública Germán Arciniegas - Villavicencio | 04/29/2020 | 1 | 833.91 R64s | 33488 | 09/29/2022 | 09/29/2022 | 04/29/2020 | LIbro | |||
| Dewey Decimal Classification | Sala General Segundo Piso | Biblioteca Pública Germán Arciniegas - Villavicencio | Biblioteca Pública Germán Arciniegas - Villavicencio | 04/29/2020 | 833.91 R64s | 33492 | 04/29/2020 | 04/29/2020 | LIbro |